| Tag |
First Indicator |
Second Indicator |
Subfields |
| LEADER |
00000cam a2200000 a 4500 |
| 001 |
in00000097202 |
| 005 |
20220103114818.0 |
| 007 |
cr unu a |
| 008 |
821113s1981 xx b 00010 eng d |
| 035 |
|
|
|9 AAK9079AM
|
| 035 |
|
|
|a (OCoLC)08955377
|
| 040 |
|
|
|a TXA
|c TXA
|d UtOrBLW
|
| 049 |
|
|
|a TXAZ [Also in] [Archives]
|c 1 [1803588], 2 [1803589]
|
| 099 |
|
|
|a 1981
|a Thesis
|a B862
|
| 100 |
1 |
|
|a Britten, Patricia Louise,
|d 1955-
|
| 245 |
1 |
0 |
|a Information theory and crystallographic phase determination /
|c by Patricia Louise Britten.
|
| 264 |
|
1 |
|a [Place of publication not identified] :
|b [publisher not identified] ;
|c 1981.
|
| 300 |
|
|
|a viii, 44 leaves ;
|c 29 cm.
|
| 336 |
|
|
|a text
|b txt
|2 rdacontent
|
| 337 |
|
|
|a computer
|b c
|2 rdamedia
|
| 338 |
|
|
|a online resource
|b cr
|2 rdacarrier
|
| 500 |
|
|
|a "Major subject: Chemistry."
|
| 500 |
|
|
|a Typescript (photocopy).
|
| 500 |
|
|
|a Vita.
|
| 502 |
|
|
|b M.S.
|c Texas A&M University
|d 1981.
|
| 504 |
|
|
|a Bibliography: leaves 40-41.
|
| 530 |
|
|
|a Also available online.
|
| 650 |
|
0 |
|a Crystallography.
|
| 650 |
|
0 |
|a Entropy (Information theory)
|
| 650 |
|
0 |
|a X-ray crystallography.
|
| 650 |
|
0 |
|a X-rays
|x Diffraction.
|
| 650 |
|
4 |
|a Major chemistry.
|
| 856 |
4 |
1 |
|u https://hdl.handle.net/1969.1/ETD-TAMU-1981-THESIS-B862
|z Link to OAKTrust copy
|t 0
|
| 999 |
|
|
|a MARS
|
| 999 |
f |
f |
|s e91f179b-8228-36cc-80b1-17e294ac86a9
|i ca3bc605-a619-3f1c-bb1f-f4b5bbaa248e
|t 0
|
| 952 |
f |
f |
|p noncirc
|a Texas A&M University
|b J.J. Pickle Campus
|c High Density Repository
|s HDR
|d Remote Storage
|t 0
|e 1981 Thesis B862
|h Other scheme
|i computer -- online resource
|m A14841002107
|
| 952 |
f |
f |
|a Texas A&M University
|b College Station
|c Electronic Resources
|s www_evans
|d Available Online
|t 0
|e 1981 Thesis B862
|h Other scheme
|
| 998 |
f |
f |
|a 1981 Thesis B862
|t 0
|l Remote Storage
|
| 998 |
f |
f |
|a 1981 Thesis B862
|t 0
|l Available Online
|